| 000 | 01229 a2200193 4500 | ||
|---|---|---|---|
| 001 | 30269 | ||
| 005 | 20260407155614.0 | ||
| 008 | 260407a1968 arg spa d | ||
| 003 | AR-UNSa-BCEJYS | ||
| 040 |
_aAR-UNSa-BCEJYS _bspa _cAR-UNSa-BCEJYS |
||
| 080 |
_a657.47 _xContabilidad de Costos |
||
| 245 | 1 | 0 | _aContabilidad de costos a niveles superior |
| 264 | 1 |
_aBuenos Aires : _bEl Coloquio _c1968 |
|
| 300 |
_a195 p. _c22 cm. |
||
| 505 | _a1.Introducción - 2. Clasificación de los costos - 3. El costo del costo - 4. Definiciones - 5. Razón de la clasificación de los costos - 6. Resumen - 7. Costos industriales - 8. Costos indirectos simples - 9. Costos indirectos conexos - 10. Resumen - 11. Derivaciones conceptuales - 12. Formulas o esquemas de costo - 13. Costo departamental - 14. costos unitarios - 15. Concentración de costos - 16. Sistemas de costos - 17. Costo departamental - 18. Contabilidad de costos por órdenes específicas - 19. Contabilidad de costos por procesos - 20. Aspectos de las formulas del costo - 21. Objetivos de la contabilidad de costos - 22. Las cuentas en la contabilidad de costos - 23. | ||
| 942 | _cBK | ||
| 590 | _aniveau_biblio:m niveau_hierar:0 | ||
| 100 | 1 | _aGiménez, Carlos Manuel | |
| 999 |
_c2076 _d2076 |
||